| 000 | 00000nam##2200000za#4500 |
| 001 | 9.686762 |
| 003 | CaOODSP |
| 005 | 20210624230659 |
| 007 | cr ||||||||||| |
| 008 | 150407|2003||||xxc|||||o f|0| 0 eng|d |
| 020 | |a0-662-35488-5 |
| 040 | |aCaOODSP|beng |
| 043 | |an-cn--- |
| 086 | 1 |aCD4-11/2003E-PDF |
| 110 | 1 |aCanada.|bCanadian International Development Agency. |
| 245 | 10|aGender equality and humanitarian assistance : |h[electronic resource]|ba guide to the issues |
| 260 | |aOttawa - Ontario : |bCanadian International Development Agency |c2003. |
| 300 | |a29.|breferences, tables, photographs |
| 590 | |a06-10-Supp|b2006-12-15 |
| 690 | 07|aGender equality|2gcpds |
| 690 | 07|aHumanitarian aid|2gcpds |
| 775 | 08|tÉgalité entre les sexes et aide humanitaire : |w(CaOODSP)9.631225 |
| 856 | 40|ahttp://publications.gc.ca|qPDF|s326 KB|uhttps://publications.gc.ca/collections/Collection/CD4-11-2003E.pdf |